Αντιλήψεις ποιότητας ζωής χρόνιων ψυχικά πασχόντων που διαμένουν σε κοινοτικές δομές περίθαλψης στην Κύπρο : Σαββίδου Μαρία

Αποθηκεύτηκε σε:
Λεπτομέρειες βιβλιογραφικής εγγραφής
Κύριος συγγραφέας: Σαββίδου, Μαρία
Συγγραφή απο Οργανισμό/Αρχή: Πανεπιστήμιο Αιγαίου Σχολή Κοινωνικών Επιστημών Τμήμα Κοινωνιολογίας
Άλλοι συγγραφείς: Ζήση, Αναστασία (Εισηγητής διατριβής)
Μορφή: Thesis Βιβλίο
Γλώσσα:Greek
Δημοσίευση: Μυτιλήνη : Πανεπιστήμιο Αιγαίου, Τμήμα Κοινωνιολογίας, 2003
Θέματα:
Διαθέσιμο Online:http://hdl.handle.net/11610/7870
Ετικέτες: Προσθήκη ετικέτας
Δεν υπάρχουν, Καταχωρήστε ετικέτα πρώτοι!

MARC

LEADER 00000cam a2200000 i 4500
001 1/84271
008 050829s2003 gre d
035 |l 10079981 
040 |a GR-MY-UA  |b gre  |e aacr 
041 0 |a gre 
082 0 |a 362.2  |2 (22) 
100 1 |a Σαββίδου, Μαρία. 
245 1 0 |a Αντιλήψεις ποιότητας ζωής χρόνιων ψυχικά πασχόντων που διαμένουν σε κοινοτικές δομές περίθαλψης στην Κύπρο :  |b Σαββίδου Μαρία /  |c υπεύθυνη καθηγήτρια Ζήση Αναστασία 
260 |a Μυτιλήνη :   |b Πανεπιστήμιο Αιγαίου, Τμήμα Κοινωνιολογίας,   |c 2003 
300 |a 109 σ.;  |b πιν., διαγρ.;  |c 30 εκ. 
502 # # |a Πτυχιακή εργασία – Πανεπιστήμιο Αιγαίου, Λέσβος, 2003. 
504 |a Βιβλιογραφία: σ. 64-68 
650 0 0 |a Mental health services  |z Cyprus. 
650 0 0 |a Community mental health services  |z Cyprus. 
650 0 0 |a Mental illness  |x Social aspects  |z Cyprus. 
650 0 0 |a Mental health care teams  |z Cyprus. 
650 0 0 |a Mentally ill  |x Services for  |z Cyrus. 
650 0 0 |a Dissertations, Academic  |z Greece. 
700 1 |4 ths  |a Ζήση, Αναστασία. 
710 2 |a Πανεπιστήμιο Αιγαίου  |b Σχολή Κοινωνικών Επιστημών  |b Τμήμα Κοινωνιολογίας. 
852 |a INST  |b LESVOS  |c DIATR  |e 20050829  |h 47  |p 005100031206  |q 005100031206  |t DIE  |y 23 
852 |a INST  |b LESVOS  |c DIATR  |e 20050829  |h 48  |p 005100031205  |q 005100031205  |t DIE  |y 23 
856 |u http://hdl.handle.net/11610/7870 
901 |a BIBL1-2005-2 
909 |a Λ  |b 106535 
909 |a Λ  |b 106536 
924 |a ΖΗΣΗ  |b ΑΝΑΣΤΑΣΙΑ  |y ΛΕΣΒΟΣ  |z 2003-10 
970 |a ΜΑΡΙΝΑΤΟΥ  |b ΜΥΡΣΙΝΗ  |z 2005/08/29